[Event "EU-Cup 21st"]
[Site "Saint Vincent"]
[Date "2005.09.21"]
[Round "4.3"]
[White "Filippov, Valerij"]
[Black "Stojanovski, Dejan"]
[Result "1-0"]
[WhiteElo "2621"]
[BlackElo "2405"]
[Annotator "Ribli,Z"]
[PlyCount "99"]
[EventDate "2005.09.18"]
[EventType "team-swiss"]
[EventRounds "7"]
[EventCountry "ITA"]
[SourceTitle "CBM 110"]
[Source "ChessBase"]
[SourceDate "2006.01.31"]
[SourceVersion "1"]
[SourceVersionDate "2006.01.31"]
[SourceQuality "1"]
[WhiteTeam "Kazan Ladya"]
[BlackTeam "Skopje"]
[WhiteTeamCountry "RUS"]
[BlackTeamCountry "MKD"]

1. Nf3 Nf6 2. c4 c5 3. Nc3 g6 4. d4 cxd4 5. Nxd4 Nc6 6. g3 Bg7 7. Bg2 O-O 8.
O-O Nxd4 9. Qxd4 d6 10. Qd3 a6 11. Be3 Bf5 {Mit Tempo gespielt, aber die
Alternative kommt sehr stark in Betracht; meiner Meinung nach hat Schwarz nach
11...Ng4!? bessere Ausgleichchancen.} (11... Ng4 $5 12. Bd4 Ne5 13. Qd1 Rb8)
12. Qd2 Qd7 13. Rfd1 {[%csl Yd5][%cal Gd1d7] Weiß hat Raumvorteil und das
d5-Feld ist ein ewiges positionelles Loch in der schwarzen Stellung.} (13. Bd4
Be6 (13... Bh3 14. Bxf6 Bxf6 15. Bxh3 Qxh3 16. Nd5 Qf5 17. Qd3 $1 $14 {Bareev,
E-Smirin,I/URS-ch Leningrad/1990/CBM21/}) (13... Rab8 $5 14. Rac1 Be6 $1 15. b3
b5 16. cxb5 axb5 17. e4 Ng4 18. Rc2 Rfc8 19. Bxg7 (19. Rfc1 $5) 19... Kxg7 20.
Rfc1 Qa7 $1 {1/2-1/2 Abramovic,B-Cebalo,M/Ljubljana 1995/CBM 51/[Ribli] (65)})
14. b3 Bh3 15. Bxh3 Qxh3 16. Bxf6 Bxf6 17. Rac1 {1/2-1/2 Izoria,Z-Macieja,B/
Ermioni Argolidas 2005/ 558 (17)}) 13... Bh3 (13... Rac8 14. c5 dxc5 15. Qxd7
Nxd7 16. Bxb7 Rb8 17. Bxa6 Rxb2 18. Nd5 $36 {Phominyh,A-Fish,G/Alushta3/1994/
CBM41/ Ribli.}) 14. Bh1 Rac8 15. c5 $5 {[%mdl 4] Eine interessante Idee - Weiß
opfert den c4-Bauern im Tausch mit dem b7-Bauern.} dxc5 (15... Ng4 16. cxd6
exd6 17. Bd4) 16. Qxd7 Nxd7 17. Bxb7 Rb8 18. Bxa6 Rxb2 19. Nd5 $36 {[%csl Ga2,
Gd5] Nach forcierten Zügen ist eine Stellung erreicht, in der Weiß aktives
Figurenspiel besitzt und sein a2P potentiell sehr stark ist.} Ra8 {[#]} 20. Bc8
{Dieser Zug ist interessant, aber ich bin nicht sicher, ob das die beste
Möglichkeit für Weiß ist.} (20. Bc4 $14) (20. Bd3 $14) 20... Bf8 $2 (20... Kf8)
(20... Rxe2 $142 21. Rab1 Bd4 $132) 21. Bxd7 Bxd7 22. Nc7 (22. Nxe7+ Bxe7 23.
Rxd7 Bf6 24. Bxc5 Rc2 25. Bd4 Bxd4 26. Rxd4 Raxa2 27. Rxa2 Rxa2 $14) 22... Rd8
23. Na6 (23. a4) 23... Ra8 24. Nc7 Rd8 25. a4 {[%csl Ga4,Rd7,Rd8][%cal Gd1d8]
Der weiße a-Freibauer ist stark und die schwarzen Figuren stehen passiv.} Rb7 (
25... Rxe2 26. Bxc5 $16 (26. a5 Bg7)) 26. Na6 e6 27. Nxc5 Bxc5 28. Bxc5 $16 {
[%mdl 4096] Weiß hat im Endspiel einen Bauern mehr und auch das Turmendspiel
mit ungleichfarbigen Läufern kann die Partie für Schwarz nicht retten.} Rc8 (
28... Ra8 29. a5 Bb5 30. Rd2 $16) 29. Bd4 {[%csl Yf6,Yh6][%cal Gd4a7,Gd4h8]
Die schwarzen Felder sind sehr schwach am schwarzen Königsflügel.} f5 30. a5
Bc6 31. Rdc1 (31. a6) 31... Rbb8 (31... Bd7 32. Rxc8+ Bxc8 33. a6) 32. a6 Bd5
33. a7 $18 {[%csl Ga7,Gd4] Der a7P mit der Unterstützung des Läufers gewinnt
die Partie.} Ra8 34. f3 {[%cal Gg1f2] Weiß reduziert den Wirkungskreis des
d5-Läufers und bereitet 35.Kf2.} Kf7 35. Kf2 g5 36. h4 (36. Ke3) 36... h6 37.
Ke3 Rxc1 38. Rxc1 e5 39. Bb6 (39. Bxe5 $2 Rxa7 $14) 39... f4+ 40. gxf4 gxf4+ (
40... exf4+ 41. Kd4 $18) 41. Kd3 Re8 42. Bc7 (42. Rc7+) 42... Kf6 43. Rc5 Ba8
44. Rb5 {[%cal Rb5b8]} e4+ 45. fxe4 Bxe4+ 46. Kd4 Bg2 47. Be5+ (47. Bxf4 $4
Re4+) 47... Kf5 48. Rb8 Re7 (48... Rxe5 49. Rf8+ $18) 49. Rf8+ Kg4 50. Rg8+ (
50. Rg8+ Kh3 51. Rxg2 $18) 1-0

[Event "Pinamar Masters 1st"]
[Site "Pinamar"]
[Date "2001.03.16"]
[Round "9"]
[White "Giardelli, Sergio Carlos"]
[Black "Andersson, Ulf"]
[Result "0-1"]
[WhiteElo "2438"]
[BlackElo "2640"]
[Annotator "Ribli,Z"]
[PlyCount "100"]
[EventDate "2001.03.08"]
[EventType "tourn"]
[EventRounds "11"]
[EventCountry "ARG"]
[EventCategory "8"]
[SourceTitle "CBM 082"]
[Source "ChessBase"]
[SourceDate "2001.05.17"]
[SourceVersion "1"]
[SourceVersionDate "2001.05.17"]
[SourceQuality "1"]

1. c4 c5 2. g3 g6 3. Bg2 Bg7 4. Nc3 Nc6 5. Nf3 Nf6 6. d4 cxd4 (6... O-O 7. O-O
d6 {Auf diese Weise kann Schwarz in die Königsindische Verteidigung überleiten.
} 8. d5) 7. Nxd4 O-O 8. O-O Nxd4 {Dieser Zug scheint mir in der Tat die beste
Möglichkeit für Schwarz zu sein. Statt dessen kann Schwarz auch 8...d6 spielen,
das wäre ein Bauernopfer für Initiative. Auch 8...Ng4 ist möglich, doch hier
verlöre der Königsspringer zu viel Zeit.} 9. Qxd4 d6 10. Qd2 {Früher, oder
später muss die exponierte Dame das Feld d4 verlassen. Der Textzug wird selten
gespielt.} (10. Qd3 {Das ist die Hauptfortsetzung. Spielbar ist auch 10.Bg5
oder 10.Qh4.}) 10... Be6 {Schwarz opfert vorübergehend einen Bauern und kann
spürbar positionellen Druck am Damenflügel aufbauen.} (10... Rb8 11. b3 Be6 12.
Bb2 Qa5 13. Rad1 Rfc8 14. e4 a6 15. Rfe1 b5 $132) 11. Bxb7 Rb8 12. Bg2 (12. Bd5
Nxd5 13. Nxd5 Qd7 14. e4 Rfc8 15. Qe2 Bxd5 16. cxd5 Qb5 17. Qxb5 Rxb5 18. Rb1
Rc2 19. Bg5 f6 20. Be3 a5 21. Bd4 f5 22. a4 Rb3 {1/2-1/2 Kortschnoj,V-Geller,E/
Leningrad 1963/URS-ch (32)}) (12. Bf3) 12... Bxc4 13. b3 Be6 (13... Nd5 $5 14.
Nxd5 (14. Bb2 Nxc3 15. Bxc3 Bxc3 16. Qxc3 Bxe2 $17 {Ich möchte darauf
hinweisen, dass dieser Zug nach 12.Bf3 nicht möglich wäre.}) 14... Bxd5 15. Bb2
$11) 14. Bb2 Qa5 15. Rfd1 Rfc8 $11 {Schwarz hat bequemes Spiel und spürbar
positionellen Druck am Damenflügel.} (15... Qh5 16. Ne4 Nxe4 17. Bxe4 Bxb2 18.
Qxb2 Qa5 19. Rac1 Rfc8 20. h4 h5 21. Bf3 Qb4 {1/2-1/2 Karlsson,L-Engqvist,T/
Lindesberg 1993/EXT 98 (33)}) 16. Nd5 {Dieser Zug ist logisch - Weiß möchte so
viel Material wie möglich abtauschen und den schwarzen Druck neutralisieren.} (
16. Ne4 Qxd2 17. Rxd2 Nxe4 18. Bxe4 Bxb2 19. Rxb2 Kg7 20. Kf1 Kf6 21. Ke1 Bf5
22. Bxf5 Kxf5 23. Kd2 d5 24. Rd1 e5 25. Rc2 Rxc2+ 26. Kxc2 d4 27. Kd2 Ke6 28.
Rc1 Kd6 29. Kd3 f5 {0-1 Sukuba,Z-Matejov,A/SVK 1997/EXT 98 (60)}) 16... Qxd2
17. Nxf6+ (17. Rxd2 $2 Bxd5 18. Bxd5 Nxd5 19. Bxg7 Kxg7 20. Rxd5 Rc2 $17) 17...
Bxf6 18. Rxd2 Bxb2 19. Rxb2 a5 $15 {[%cal Gb8b2,Gc8c1,Ge6a2][%mdl 4] Es ist
nur noch wenig Material auf dem Brett. Dennoch hat Schwarz einen kleinen, aber
dauerhaften Vorteil am Damenflügel.} 20. Rd2 Rb4 {[%csl Gb4] Schwarz möchte
anschließend a5-a4 ziehen und einen Bauern am Damenflügel gewinnen. Danach
bekäme er ein Endspiel mit 5 gegen 4 Bauern.} (20... Rc5 21. Rad1 Rb4 22. Bd5)
21. Bd5 {Weiß muss den starken schwarzen Läufer abtauschen.} Bxd5 22. Rxd5 a4 {
[%mdl 4096]} 23. Rd3 $6 (23. bxa4 Rxa4 24. Rd2 $15) 23... Rc2 {[%csl Gb4,Gc2]
Das Eindringen eines Turms auf der 2.Reihe ist immer stark in einem
Turmendspiel.} 24. Kf1 (24. e3 Rb2 25. bxa4 Rxa4 26. a3 Rc4 $15) 24... Re4 $1 {
Damnit provoziert Schwarz den Zug 25.e3, der eine Schwächung der 2.Reihe von
Weiß bedeutet.} 25. e3 (25. Re3 $2 Rxe3 26. fxe3 axb3 (26... a3 $5 $17) 27.
axb3 Rc3 $17) 25... Rb4 26. h4 Rb2 {Jetzt droht der Bauerngewinn.} 27. bxa4
Rxa4 28. a3 Rc4 {[%cal Rc4c2,Rb2f2] Jetzt erkennen wir die Idee des Zugs 24...
Re4!.Es droht 29...Rcc2 mit sofortigem Gewinn.} 29. Kg2 Rcc2 30. Rf1 Ra2 {
[%csl Ga2,Ra3,Gc2][%cal Gc2c5,Gc5a5] Nunmehr droht das Turmmanöver Rc5-Ra5 mit
Bauerngewinn.} 31. Kf3 Rc5 32. g4 h5 $1 {Der "schwedische Capablanca" spielt
präzise - er verhindert den Raumgewinnzug 33.g5.} (32... Ra5 33. g5 R5xa3 34.
Rxa3 Rxa3 35. Rb1 $15) 33. Rg1 Kg7 34. gxh5 Rxh5 {Ein Turmendspiel mit 4 gegen
4 Bauern ist gewöhnlich Remis, aber hier hat Weiß schon zwei Schwächen zu
beklagen: den Pa3 und den Ph4.} 35. Rg4 Rf5+ (35... Ra5 $17) 36. Rf4 Ra5 37.
Re4 Kf6 (37... Kf8 $17) 38. Rf4+ Ke6 39. Rdd4 R2xa3 (39... R5xa3 $2 40. Rde4+
$16 {[%csl Ge4,Gf4]}) 40. Rde4+ Re5 41. Rxe5+ dxe5 $17 {Schwarz hat einen
Mehrbauern, und der Ph4 ist schwach.} 42. Rb4 f6 43. Rb7 $6 (43. Kg3 Kf5 $17)
43... Ra4 {[%csl Ga4][%cal Ga4h4]} 44. Kg3 $6 (44. e4 $17) 44... f5 45. Rb6+
Kf7 46. Kh3 Rg4 {[%csl Gg4]} 47. f3 Rc4 48. Rb3 e4 49. fxe4 $2 (49. f4 Rc2 $17
{[%csl Re3][%cal Gc2d2,Gd2d3,Gd3e3]}) 49... Rxe4 $19 {[%csl Re3,Ge4,Rh4]} 50.
Ra3 Kg7 {[%csl Rh4][%cal Rg7h6,Rh6h5] Und Weiß gab auf - gegen Kh6-h5 kann er
nichts ausrichten.} 0-1

[Event "EU-Cup 32nd"]
[Site "Novi Sad"]
[Date "2016.11.07"]
[Round "2.1"]
[White "Vachier Lagrave, Maxime"]
[Black "Ragger, Markus"]
[Result "1-0"]
[WhiteElo "2811"]
[BlackElo "2694"]
[Annotator "Roiz,M"]
[PlyCount "113"]
[EventDate "2016.11.06"]
[EventType "team-swiss"]
[EventRounds "7"]
[EventCountry "SRB"]
[SourceTitle "CBM 176"]
[Source "ChessBase"]
[SourceDate "2017.01.17"]
[SourceVersion "1"]
[SourceVersionDate "2017.01.17"]
[SourceQuality "1"]
[WhiteTeam "Padova"]
[BlackTeam "Maria Saal"]
[WhiteTeamCountry "ITA"]
[BlackTeamCountry "AUT"]

1. Nf3 Nf6 2. g3 g6 3. d4 Bg7 4. Bg2 c5 5. c4 cxd4 6. Nxd4 O-O 7. Nc3 Nc6 8.
O-O Qa5 {The queen is heading to h5. This aggressive setup was well-known to
Maxime, since he has employed it with Black before.} 9. e3 d6 10. Bd2 Qc5 ({
The critical retreat seems to be} 10... Qb6 11. Qb3 Qc5 $1 {Now, when the
h5-square is vacant for the queen, this manoeuvre makes more sense} 12. Nce2 (
12. Nxc6 bxc6 13. Na4 Qh5 14. Bxc6 Ng4 15. h4 Ba6 $1 $44 {Edouard,R (2628)
-Bacrot,E (2692) Cap d'Agde FRA 2016}) 12... Bd7 13. Rfc1 Rab8 14. h3 e5 15.
Nb5 a6 16. Nc7 Na5 17. Qa3 Qxa3 18. bxa3 Nc6 $11 {Sargissian,G (2691)-Bacrot,E
(2729) Linares 2014}) ({Inferior is} 10... Qa6 11. b3 {, and the poor
placement of Black's queen should tell:} Bg4 12. Qe1 Rac8 13. Nxc6 bxc6 14. h3
Bd7 15. e4 $14 {Giri,A (2755)-Navara,D (2742) Baku AZE 2016}) 11. Nxc6 $1 $146
{Maxime comes up with an important novelty.} ({The only preceding game saw} 11.
Qe2 $6 Nxd4 12. exd4 Qxd4 13. Be3 Qe5 14. h3 Be6 {Christiansen,J (2351)
-Dijkhuis,T (2291) Ballerup DEN 2015, and White didn't get much for a pawn.}) (
{Nor does} 11. b3 {promise anything special:} Nxd4 12. Na4 Qc7 13. exd4 Bg4 14.
Qe1 Qd7 $132) 11... bxc6 12. b3 {Now everything is protected, so White
benefits from having a solid space advantage.} d5 $6 {Markus chooses the wrong
moment for this freeing advance.} ({The patient} 12... Bg4 13. Qe1 Nd7 14. h3
Be6 $14 {should have been preferred.}) 13. cxd5 cxd5 ({Perhaps, after} 13...
Nxd5 14. Nxd5 cxd5 15. Rc1 Qd6 16. Ba5 $1 {Black wouldn't manage to keep the
material balance:} Be6 (16... e6 17. Qd2 Re8 18. e4 Bb7 19. Rc7 $16) 17. Qd2
Rac8 18. Rcd1 $1 Bg4 19. Bb4 Qa6 20. Rc1 $16) 14. Rc1 {The lack of development
makes Black's position very unpleasant.} Qd6 (14... Qb6 15. Nxd5 Nxd5 16. Bxd5
Bb7 17. Bxb7 Qxb7 18. Qe2 $16 {leaves Black no compensation for a pawn.}) 15.
e4 $2 {A serious mistake, which could have spoiled all the advantage.} ({
Instead, Maxime had a better way of developing the initiative:} 15. Nb5 $1 Qd7
(15... Qb6 16. Nc7 Rb8 17. Bc3 $1 (17. Nxd5 Nxd5 18. Bxd5 Rd8 19. Bc4 Bh3 $14 {
is less promising, though Black doesn't get sufficient play for a pawn.}) 17...
Bg4 (17... Bb7 18. Bd4 Qa5) 18. Nxd5 Nxd5 19. Qxd5 Bxc3 20. Rxc3 $16) 16. Nc7
Rb8 17. Bc3 e6 18. Bd4 $16) 15... Bg4 {GM Ragger is happy to connect the rooks
with tempo, but there was a better way!} ({A more precise way was} 15... Ba6 $1
16. e5 (16. Re1 dxe4 17. Nxe4 Nxe4 18. Bxe4 Rac8 19. Bf4 Qb4 $11) 16... Qxe5
17. Re1 Qd6 18. Bf4 Qa3 $1 19. Nxd5 (19. Nb1 Qxa2 20. Nc3 Qa3 21. Ra1 Qb4 22.
Rxa6 Qxc3 23. Rxe7 Rfe8 $11) 19... Nxd5 20. Qxd5 Rad8 21. Qc5 Qxa2 22. Qxe7 Bd4
$11) 16. Qe1 ({In the event of} 16. f3 $5 Be6 17. e5 Qxe5 18. Bf4 Qf5 19. Nb5
Nh5 20. Be3 {White should have sufficient compensation for a pawn due to a
better coordination between the pieces.}) 16... dxe4 17. Nxe4 Nxe4 18. Bb4 $1 {
This tactical resourse enables Maxime to pose Black some concrete problems.} (
18. Bxe4 {was toothless:} Rac8 19. Be3 Rxc1 20. Qxc1 Rc8 $11) 18... Qe6 $6 {
Possibly, Markus has underestimated Black's problems in the resulting endgame.}
({A better try was} 18... Qd7 $1 19. Qxe4 Bf6 {, and Black is close to full
equality, since} 20. Qxa8 $6 Rxa8 21. Bxa8 {runs into} a5 $1 22. Bc6 (22. Bxa5
$4 Qa7 $19) (22. Bc5 $6 Bg5 $1 23. f4 Bf6 $36) 22... Qd8 23. Bc5 Qd2 {, and
Black is no longer at risk due to the activity of his pieces.}) 19. Qxe4 Qxe4
20. Bxe4 Rac8 21. Kg2 $1 {A decent prophylactic move. Now there are no worries
about the 1st rank!} Rfd8 $2 {This move leads to the loss of a pawn.} ({After} 
21... Bf6 $1 22. Bc5 a6 23. f3 Be6 $14 {White's position still would be better,
but it would be not easy to convert a small positional advantage into a full
point.}) 22. Rxc8 Rxc8 23. h3 Be6 24. Bxe7 $16 f5 25. Bd3 a5 $6 ({The most
stubborn seems to be} 25... Kf7 26. Bg5 Bd5+ 27. f3 Rc3 28. Rd1 Be5 $16 {
, at least getting some activity.}) 26. Bg5 $1 {Now the a5-pawn is becoming
vulnerable.} h6 27. Be3 Rc3 {The rook only appears to be active there.} 28. Rd1
a4 (28... Kf7 29. h4 h5 30. Bb6 Rc8 31. Rd2 $18) 29. bxa4 Ra3 30. Bb5 Rxa2 {
Despite the limited material balance, Black's position is lost - the a-passer
is too strong.} 31. h4 (31. Rd6 {was simpler:} Bb3 32. Rxg6 Kh7 33. Rd6 Bxa4
34. Bc4 Ra3 35. Bf7 $1 $18) 31... Kf7 32. Rd6 Ra1 33. Bd7 {In general,
simplifications should favour White here.} Bb3 34. Bc6 Bf8 35. Rd7+ Ke6 36. Ra7
(36. Rd8 $5 Be7 37. Rg8 Kf7 38. Rb8 Bxa4 $140 39. Bd5+ Kg7 40. Bd4+ $18) 36...
g5 {A desperate attempt to create threats.} (36... Bc4 37. Ra8 Be7 38. Bxh6 $18
{would drop another pawn.}) 37. hxg5 hxg5 38. Bxg5 Bc5 39. Rh7 Bd4 ({Or} 39...
Bxa4 40. Rh6+ Kf7 41. Bd5+ Kg7 42. Ra6 $18) 40. Rh4 $1 {White is just in time
to consolidate.} Kd6 (40... Be5 41. Rh6+ Kf7 42. f4 Bc3 43. Rh7+ Kg8 44. Rb7
Bxa4 45. Bd5+ Kh8 46. Rc7 Bd4 47. Be6 $18) 41. Rh6+ Kc5 ({It was possible to
offer more resistance with} 41... Be6 $1 42. Bb5 Kd5 {, but after} 43. Rh4 $18
{White should be able to promote his pawns sooner or later.}) 42. Be7+ Kc4 43.
Rh4 Kc3 44. Bd8 $1 {Supporting the key passer.} Be5 45. a5 Bc4 46. Rh1 Ra2 47.
Bb6 {Both MVL's bishops are now well placed.} Kd2 48. Rh5 Bd3 49. Bb7 Kc3 50.
Rh6 Ra1 51. Re6 {No hurry!} ({Nor was ther anything wrong with} 51. a6 Bf1+ 52.
Kf3 Bxa6 53. Bxa6 Rxa6 54. Bd4+ $18) 51... Bf1+ 52. Kf3 Re1 53. a6 Be2+ 54. Kg2
Bf1+ 55. Kh2 Bxg3+ 56. Kxg3 Rxe6 57. a7 1-0

[Event "ISR-chT"]
[Site "Israel"]
[Date "1998.03.28"]
[Round "8"]
[White "Tsesarsky, Ilya"]
[Black "Boim, Inon"]
[Result "1-0"]
[WhiteElo "2425"]
[BlackElo "2420"]
[Annotator "Tsesarsky,I"]
[PlyCount "91"]
[EventDate "1998.01.15"]
[EventType "team-tourn"]
[EventRounds "10"]
[EventCountry "ISR"]
[SourceTitle "CBM 064"]
[Source "ChessBase"]
[SourceDate "1998.06.02"]
[SourceVersion "1"]
[SourceVersionDate "1998.06.02"]
[SourceQuality "1"]

1. Nf3 c5 2. c4 Nf6 3. Nc3 Nc6 4. g3 g6 5. d4 cxd4 6. Nxd4 Bg7 7. Bg2 O-O 8.
O-O Ng4 9. e3 Nge5 (9... d6 10. Nce2 (10. Nde2 Qa5 11. Nd5 Bd7 12. Bd2 Qd8 13.
Bc3 Bxc3 14. Nexc3 Nge5 15. b3 Bg4 16. f3 Be6 17. f4 Nd7 18. Qd2 $16 {
Wojtkiewicz-Adorjan/Budapest/1993/}) 10... Nge5 11. b3 a5 12. Rb1 Nd7 13. Bb2
Nc5 14. Nb5 Bf5 15. Bxg7 Kxg7 16. Rb2 $14 {1-0.36Time : 1:58' - 1:59' 1-0
Wojtkiewicz,A-Tolnai,T/Katerini 1992 (33)}) 10. b3 d6 11. Nde2 (11. Bb2 Bg4 12.
f3 Bd7 13. Nd5 (13. Nc2 Bf5 14. e4 Be6 15. Rb1 Qa5 16. Nd5 Qxa2 17. Bc3 Bxd5
18. exd5 Nd8 19. f4 Nd7 20. Bxg7 Kxg7 21. Re1 Re8 22. Qd4+ $44 {1-0 Strikovic,
A-Reinaldo,R/Aceimar op 1995 (34)}) (13. Qd2 a6 (13... a5 $6 14. Ndb5 Nb4 15.
Rad1 Rc8 $14 (15... a4 $4 16. Nxa4 $18 Nxc4 17. bxc4 Rxa4 18. Bxg7 Kxg7 19.
Qb2+ Kg8 20. Nc3 $18 {Krogius,N-Honfi,K/EU-chT Hamburg 1965/1-0 (52)})) 14.
Nde2 Rb8 15. Rad1 Qa5 16. h3 f5 17. f4 Nf7 18. a3 b5 19. b4 Qc7 20. c5 $14 {
1-0 Smejkal,J-Honfi,K/CSSR 1968 (33)} (20. Nd5 $14)) 13... e6 14. Nf4 Nxd4 15.
exd4 Nc6 16. Qd2 Qa5 17. Rfd1 Qxd2 18. Rxd2 Ne7 19. Ba3 Nf5 20. Ne2 $14 {
1/2-1/2 Wu Wenjin-Simonovic,A/4th ST Lee Cup, Beijing CHN 1997 (35)}) 11... Bg4
(11... a6 12. h3 Rb8 13. f4 Nd7 14. Rb1 Na7 15. e4 b6 16. Be3 Bb7 17. Qe1 Ba8
18. Qf2 Nc6 19. Rfd1 $14 {0-1 Minaya,J-Ostos,J/Empresa de Telecom. Main,
Bogota COL 1997 (45)}) 12. f3 (12. h3 Bf3 13. Bxf3 Nxf3+ 14. Kg2 Nfe5 15. e4 a6
16. Be3 Rb8 17. a4 Nd7 18. Rb1 Nb4 $14 {1/2-1/2 Tondivar,B-Kerkhof,P/Team-ch
BEL, Antwerp BEL 1997}) 12... Be6 (12... Bd7 13. f4 (13. h3 Nb4 14. a3 Nbd3 15.
Bd2 a5 16. f4 (16. Rb1 Nc5 17. f4 Nc6 18. b4 axb4 19. axb4 Nd3 $132 {1/2-1/2
Nikolic,P-Anand,V/Wijk 1989 (36)}) 16... Nc6 17. Qc2 $14) 13... Ng4 14. h3 Nh6
15. g4 f5 16. g5 Nf7 17. Rb1 a6 18. Qd2 Rb8 19. Bb2 Qa5 20. a3 e6 21. b4 Qc7
22. Rbc1 Ne7 23. Rfd1 $14 {1/2-1/2 Kortschnoj,V-Suetin,A/URS-ch25 Riga 1958 
(41)}) 13. f4 $14 (13. Qd2 Rc8 14. Bb2 $14) 13... Nd7 14. Qd2 (14. Bb2 Qb6 $5 (
14... Qa5 $5 15. Nd4 $14) 15. Qd2 Nf6 16. Nd4 Bd7 17. Rac1 Rac8 $14) 14... Nc5
15. Bb2 Qd7 16. Nd5 Bxb2 17. Qxb2 Bf5 (17... Bh3 $6 18. Bxh3 Qxh3 19. b4 Na4
20. Qb3 Nb6 21. Nxb6 axb6 22. Nc3 $16 Qd7 23. Rad1 Na7 24. Nd5 Nc8 25. e4 Qa4
26. Qc3 $1 Qc6 (26... Qxa2 $4 27. Ra1 $18) 27. f5 Rxa2 28. f6 $1 e5 29. Qe3 Kh8
30. Ne7 {1-0 Wojtkiewicz,A-Schmittdiel,E/St.Martin op 1993} (30. Ne7 Nxe7 31.
fxe7 Rg8 32. Qg5 $1 $18)) 18. Nd4 (18. b4 $1 Na4 (18... Nd3 19. Qd2 $18) 19.
Qb3 Nb6 20. e4 Be6 (20... Bg4 21. Nc1 Nc8 22. f5 gxf5 $8 23. h3 Bh5 24. exf5 f6
$8 25. g4 Bf7 26. Ne2 $16) 21. Rad1 $14) 18... Be4 19. b4 Bxg2 (19... Nd3 20.
Qb3 f5 21. Rfd1 e6 22. Nxc6 bxc6 (22... exd5 23. cxd5 Qe8 $16 (23... bxc6 24.
dxc6+ Qf7 25. Rxd3 $18)) 23. Nc3 $16) 20. Qxg2 Ne6 21. Nb3 f5 $6 (21... Nc7 $14
) 22. Rad1 Rae8 23. Rfe1 Ng7 24. Qb2 Nh5 25. b5 Nd8 26. Qa3 (26. c5 Nf6 27. a4
$14) 26... b6 27. c5 (27. e4) 27... bxc5 28. Nxc5 Qxb5 $2 (28... dxc5 29. Nf6+
Nxf6 30. Rxd7 Nxd7 31. Qxa7 Nf6 32. Qxc5 Ne6 33. Qb4 $1 $16 (33. Qc4 Kf7 34. a4
Rc8 35. Qb3 Ne4 $132) 33... Kf7 34. a4 Rc8 35. a5 Rc2 36. b6 (36. Qb3 Rfc8 37.
b6 R8c3 38. Qb1 Ng4 39. b7 Nxh2 40. Qd1 Rb2 41. Re2 (41. b8=Q Rxb8 42. Kxh2 Ra3
$11) 41... Nf3+ 42. Kf2 Rxb7 43. Qh1 $1 (43. Kxf3 Ra3 $11) 43... h5 44. Qxf3
Nc5 45. Kg2 Ne4 46. a6 Ra7 (46... Rbb3 47. Ra2 Rxe3 48. Qxe3 Rxe3 49. a7 Rxg3+
50. Kh2 Rg4 51. a8=Q Rxf4 52. Qd5+ $18) 47. Ra2 Rc6 48. Qe2 $18) 36... Ng4 37.
Qb3 Rd2 38. e4 fxe4 39. Rxe4 Rd6 40. a6 Nf6 41. Rxe6 Rxe6 42. b7 $18) 29. Na6
$18 Qb7 (29... Ne6 30. Nac7 Nxc7 31. Nxc7 $18) 30. Nac7 e6 31. Rb1 (31. Nxe8
Rxe8 32. Nc3 $16) 31... Qc6 32. Rec1 Qd7 33. Nxe8 exd5 34. Nxd6 (34. Nc7 $18)
34... d4 35. exd4 Rf6 36. Nb5 (36. Nc4 Qxd4+ 37. Qe3 $18) 36... a6 37. Rc7 Qd5
38. Qe7 (38. Re1 Ne6 39. Rc8+ Kg7 40. Qxa6 Nexf4 41. Rc7+ Kh6 42. Qb7 $18)
38... Rf7 39. Qe5 (39. Rc5 $18) 39... Qxe5 40. fxe5 axb5 41. Rc8 Rf8 42. Rxb5
Ng7 43. Rbb8 Nde6 44. d5 Rxc8 45. Rxc8+ Nf8 46. e6 1-0